Vývoj ekonomiky Cypru po vstupe do eurozóny bakalárska práca

Guardado en:
Detalles Bibliográficos
Autor principal: Chovanová, Tatiana
Autor Corporativo: Fakulta medzinárodných vzťahov EU. Katedra medzinárodného práva
Otros Autores: Kálmanová, Zuzana
Formato: Libro
Lenguaje:eslovaco
Publicado: Bratislava 2009
Etiquetas: Agregar Etiqueta
Sin Etiquetas, Sea el primero en etiquetar este registro!

MARC

LEADER 00000nam$a2200000$$$4500
001 0103022
005 20240320075558.1
041 0 |a slo 
044 |a SK 
245 1 0 |a Vývoj ekonomiky Cypru po vstupe do eurozóny  |b bakalárska práca  |c Tatiana Chovanová ; škol. Zuzana Kálmanová 
264 1 |a Bratislava  |c 2009 
300 |a 33 s. 
100 1 |a Chovanová, Tatiana 
700 1 |a Kálmanová, Zuzana 
710 2 |a Fakulta medzinárodných vzťahov EU. Katedra medzinárodného práva